000 01115nac a22002891i 4500
003 EG-ScBUE
005 20250624082626.0
008 250616r20042003ii a f b 001 0 eng d
020 _a812591448X
040 _aEG-ScBUE
_beng
_erda
_cEG-ScBUE
_dEG-ScBUE
082 0 4 _a537.622
_bRAJ
_222
100 1 _aRajendran, V.,
_eauthor.
245 1 0 _aSemiconductor physics and optoelectronics /
_cDr. V. Rajendran, professor and head, Dr. J. Hemalatha, senior lecturer, Dr. M. Stalin Mano Gibson, lecturer Department of Physics, Mepco Schlenk Engineering College, Sivakasi.
264 1 _aNew Delhi :
_bVikas Publishing House PVT LTD,
_c2004.
300 _axv, 322 pages :
_billustrations ;
_c24 cm
336 _2rdacontent
_atext
_btxt
337 _aunmediated
_2rdamedia
_bn
338 _avolume
_bnc
_2rdacarrier
500 _aIncludes appendix.
504 _aIncludes bibliographical references and index.
650 7 _aSemiconductors.
_2BUEsh
650 7 _aOptoelectronics.
_2BUEsh
655 _vReading book
700 1 _aHemalatha, J.,
_eauthor.
700 1 _aGibson, M. Stalin Mano,
_eauthor.
942 _cBB
_2ddc
999 _c1394
_d1394